[Event "Olympiad Women 2024"]
[Site "Budapest HUN"]
[Date "2024.09.16"]
[Round "6.29"]
[Board "1"]
[White "Martynkova, Olena"]
[Black "Caxita, Esperanca"]
[Result "1-0"]
[WhiteElo "2176"]
[BlackElo "1932"]
[PlyCount "73"]
[EventDate "2024.09.11"]
[WhiteTeam "Lithuania"]
[BlackTeam "Angola"]
[WhiteTeamCountry "LTU"]
[BlackTeamCountry "ANG"]

1. d4 d5 2. Nf3 Nf6 3. c4 c6 4. Nc3 a6 5. c5 Nbd7 6. Bf4 g6 7. h3 Bg7 8. e3 O-O 9. Bd3 Re8 ({RR} 9... Ne8 10. O-O Nc7 11. Re1 Re8 12. Bg5 f5 13. b4 Nf6 14. Qb3 Be6 15. Bf4 Kh8 16. a4 Bg8 17. b5 Qc8 18. Reb1 Ne4 19. Be5 Bxe5 20. Nxe5 Nd2 21. Qb2 Nxb1 22. Rxb1 axb5 23. axb5 Ne6 24. Bc2 {0-1 Grischuk,A (2736)-Ponomariov,R (2739) Wch Blitz 4th 2009 (22)}) 10. g4 ({RR} 10. O-O Nh5 11. Bh2 e5 12. g4 exd4 13. exd4 Nhf6 14. Qc2 Nf8 15. Rae1 h5 16. g5 Ne4 17. Rxe4 dxe4 18. Nxe4 Bxh3 19. Re1 Rxe4 20. Bxe4 Ne6 21. Bxg6 fxg6 22. Rxe6 Bxe6 {0-1 Butti,E (1983)-Starcevic,A (2175) Titled Tue 13th Aug Early 2024 (7)}) ({RR} 10. Bh2 b6 11. cxb6 Qxb6 12. Qb3 Qxb3 13. axb3 Nb6 14. O-O Nfd7 15. Ra5 e5 16. Nxe5 Nxe5 17. Bxe5 Bxe5 18. dxe5 Rxe5 19. Ne2 Nd7 20. Rfa1 Re8 21. Bxa6 Bxa6 22. Rxa6 Rxa6 23. Rxa6 Rb8 24. Rxc6 Rxb3 {1-0 Martynkova,O (2204)-Simkunaite,G (1998) LTU-ch (Women) 2022 (9)}) 10... b6 11. cxb6 Qxb6 $146 ({RR} 11... Nxb6 12. Ne5 Bb7 13. h4 Nfd7 14. h5 Nxe5 15. dxe5 Nc4 16. e6 fxe6 17. Qb3 e5 18. Qxb7 Na5 19. Qb4 Rb8 20. Qa3 exf4 21. hxg6 fxe3 22. gxh7+ Kh8 23. fxe3 Qb6 24. O-O-O Qxe3+ 25. Kc2 Nc4 26. Bxc4 {1-0 Thorsbro,P (2162)-Rasmussen,H (2163) Odense-ch D 2019 (3)}) 12. O-O Bb7 13. Na4 Qa7 14. Rc1 Rac8 15. b4 Nb6 16. Ne5 Nfd7 17. Nc5 Bxe5 18. dxe5 Nxc5 19. bxc5 Nd7 20. Qc2 e6 21. Qc3 a5 22. e4 a4 23. Bh6 Ba6 24. Bxa6 Qxa6 25. exd5 Qb7 26. dxe6 Rxe6 27. f4 Qc7 28. Rfd1 Nf8 29. Rd6 Rce8 30. f5 gxf5 31. gxf5 Rxh6 32. Rxh6 Qxe5 33. Qxe5 Rxe5 34. Rxc6 Rxf5 35. Rc8 Kg7 36. c6 Ne6 37. c7 1-0

[Event "Olympiad Women 2024"]
[Site "Budapest HUN"]
[Date "2024.09.16"]
[Round "6.29"]
[Board "2"]
[White "Junior, Ednasia"]
[Black "Limontaite, Simona"]
[Result "1/2-1/2"]
[WhiteElo "1888"]
[BlackElo "2177"]
[PlyCount "63"]
[EventDate "2024.09.11"]
[WhiteTeam "Angola"]
[BlackTeam "Lithuania"]
[WhiteTeamCountry "ANG"]
[BlackTeamCountry "LTU"]

1. e4 c5 2. Nf3 Nc6 3. c4 e5 4. g3 g6 5. Bg2 Bg7 6. d3 Nge7 7. Be3 d6 8. Qd2 h6 $146 ({RR} 8... O-O 9. Bh6 f5 10. Nc3 f4 11. Bxg7 Kxg7 12. Ne2 Bg4 13. gxf4 Bxf3 14. Bxf3 Qd7 15. h3 Qe6 16. f5 Qf6 17. O-O-O Rab8 18. Rdg1 b5 19. h4 bxc4 20. dxc4 Qf7 21. b3 Nb4 22. h5 Rh8 23. h6+ {1-0 Nicolescu,I (1800)-Tzyganova,S (1650) Centrocoop June op-B 1998}) 9. Nc3 Rb8 10. Rc1 a6 11. O-O b5 12. b3 Nd4 13. Ne1 O-O 14. f4 exf4 15. Bxf4 g5 16. Be3 Ng6 17. Kh1 Be6 18. Nd5 a5 19. Nf3 Nxf3 20. Rxf3 Ne5 21. Rff1 a4 22. d4 cxd4 23. Bxd4 axb3 24. axb3 bxc4 25. bxc4 Rb3 26. c5 dxc5 27. Bxc5 Rd3 28. Qc2 Re8 29. Rf2 Kh8 30. Bf1 Rf3 31. Rxf3 Nxf3 32. Rd1 1/2-1/2

[Event "Olympiad Women 2024"]
[Site "Budapest HUN"]
[Date "2024.09.16"]
[Round "6.29"]
[Board "3"]
[White "Simkunaite, Gabija"]
[Black "Pires, Luzia"]
[Result "0-1"]
[WhiteElo "2005"]
[BlackElo "1877"]
[PlyCount "88"]
[EventDate "2024.09.11"]
[WhiteTeam "Lithuania"]
[BlackTeam "Angola"]
[WhiteTeamCountry "LTU"]
[BlackTeamCountry "ANG"]

1. e4 c5 2. c3 d5 3. exd5 Qxd5 4. d4 cxd4 5. cxd4 Nc6 6. Nf3 e6 7. Nc3 Bb4 8. Bd2 Qd8 9. Bb5 Nge7 10. O-O O-O 11. Bg5 Qa5 12. Bxc6 $146 ({RR} 12. Qc2 a6 13. Bd3 Nxd4 14. Bxh7+ Kh8 15. Nxd4 Qxg5 16. Be4 f5 17. Nf3 Qf6 18. Bd3 Bd7 19. Rae1 Ng6 20. Qb3 Bd6 21. Qxb7 Rfd8 22. Qb6 Bc8 23. Qe3 Bf4 24. Qe2 e5 25. Bc4 Bb7 26. Rd1 e4 {1-0 Benthin,T-Tamm,K Pinneberg-ch op 2001 (5)}) 12... Nxc6 13. Ne2 h6 14. a3 Be7 15. b4 Qf5 16. Ng3 Qd5 17. Bxe7 Nxe7 18. Re1 Bd7 19. Re5 Qd6 20. Ne4 Qb6 21. Rh5 Bc6 22. Qd3 Rfd8 23. Rc5 a6 24. Ned2 Rd5 25. Nc4 Qd8 26. Rxd5 Bxd5 27. Rd1 Rc8 28. Nce5 Rc7 29. b5 axb5 30. Qxb5 Qc8 31. h3 Rc3 32. Qb4 Nf5 33. Kh2 Qc7 34. Kg1 Rb3 35. Qa4 b5 36. Qa6 Qc2 37. Rf1 f6 38. Ng4 Rxf3 39. gxf3 Nxd4 40. Kh2 Nxf3+ 41. Kg3 Qc7+ 42. Kg2 h5 43. Rd1 hxg4 44. Rxd5 Qh2+ 0-1

[Event "Olympiad Women 2024"]
[Site "Budapest HUN"]
[Date "2024.09.16"]
[Round "6.29"]
[Board "4"]
[White "Felicidade, Felicia"]
[Black "Sibajeva, Marija"]
[Result "0-1"]
[WhiteElo "1742"]
[BlackElo "2007"]
[PlyCount "78"]
[EventDate "2024.09.11"]
[WhiteTeam "Angola"]
[BlackTeam "Lithuania"]
[WhiteTeamCountry "ANG"]
[BlackTeamCountry "LTU"]

1. e4 c5 2. Nf3 e6 3. d4 cxd4 4. Nxd4 a6 5. c4 Nf6 6. Qd3 Qc7 7. Be2 ({RR} 7. Nc3 Bb4 8. a3 Bxc3+ 9. Qxc3 O-O 10. f3 d5 11. cxd5 Qxc3+ 12. bxc3 exd5 13. exd5 Nxd5 14. Bd2 Re8+ 15. Kf2 Nd7 16. Bc4 N5b6 17. Be2 Nc5 18. Rhe1 Bd7 19. Bf1 Rxe1 20. Rxe1 Rc8 21. Rb1 Nba4 {½-½ Suta,A (2197)-Issa,R (2363) Balatonlelle Benko Memorial IM 2020 (5)}) 7... Nc6 8. Nxc6 dxc6 9. Nc3 Be7 $146 ({RR} 9... Bd6 10. h3 O-O 11. O-O Rd8 12. Qc2 e5 13. Be3 Qe7 14. Na4 Be6 15. c5 Bc7 16. b3 Nd7 17. Bc4 Nf8 18. Rad1 Bxc4 19. Qxc4 Ne6 20. Nc3 g6 21. Ne2 Kg7 22. Qc2 f6 23. f3 Kf7 24. Qc4 {0-1 Fagerstrom,B-Olausson,C (2243) Manhem op 1999}) 10. Be3 O-O 11. O-O e5 12. f3 Be6 13. a4 a5 14. b3 Nd7 15. Rac1 Bc5 16. Rfd1 Qb6 17. Kf2 f5 18. exf5 Bxf5 19. Bxc5 Nxc5 20. Qe3 Qa7 21. Na2 Bc2 22. Kf1 Bxd1 23. Rxd1 e4 24. Rb1 exf3 25. Bxf3 Rae8 26. Qd4 b6 27. Nc3 Qe7 28. Qd1 Qe3 29. Qc2 Nd3 30. Qe2 Qxe2+ 31. Nxe2 Ne5 32. Kf2 Re7 33. Rd1 Nxf3 34. gxf3 Rfe8 35. Rd2 Re3 36. Rb2 Rd3 37. Nf4 Rd1 38. Ne2 Red8 39. Ke3 R8d3+ 0-1

[Event "Olympiad Women 2024"]
[Site "Budapest HUN"]
[Date "2024.09.16"]
[Round "6.30"]
[Board "1"]
[White "Mendoza, Shania Mae"]
[Black "Cordero, Daniela"]
[Result "1-0"]
[WhiteElo "2013"]
[BlackElo "2017"]
[PlyCount "125"]
[EventDate "2024.09.11"]
[WhiteTeam "Philippines"]
[BlackTeam "Bolivia"]
[WhiteTeamCountry "PHI"]
[BlackTeamCountry "BOL"]

1. e4 e6 2. d4 d5 3. e5 c5 4. c3 Nc6 5. Nf3 Nge7 6. Bd3 cxd4 7. cxd4 Nf5 8. O-O ({RR} 8. Nc3 Nfxd4 9. Nxd4 Nxd4 10. O-O Nc6 11. Bf4 a6 12. Re1 Be7 13. Qh5 g6 14. Qh6 Bf8 15. Qh3 Bg7 16. Rad1 O-O 17. Qg3 f6 18. exf6 Qxf6 19. Bd6 Rd8 20. Bc7 Rf8 21. Na4 b5 22. Nb6 Ra7 {1-0 Fedoseev,V (2704)-Goryachkina,A (2610) Titled Tuesday intern op 29th Mar Late blitz 2022 (5)}) 8... Be7 ({RR} 8... Nfxd4 9. Nxd4 Nxd4 10. Nc3 Nc6 11. Re1 a6 12. Qg4 b5 13. h4 h5 14. Qg3 Qb6 15. a4 b4 16. Ne2 Qa5 17. Bd2 Bb7 18. Nf4 Rc8 19. Qg5 Qd8 20. Qg3 Na5 21. Bg6 Qd7 22. Bxh5 g6 23. Be2 {1-0 Kilic,E (2441)-Manelyuk,D (2213) Titled Tue 10th Sep Early 2024 (5)}) 9. Nc3 a6 $146 ({RR} 9... O-O 10. a3 a5 11. Bxf5 exf5 12. Qb3 Be6 13. Qxb7 Qc8 14. Qb3 Rb8 15. Qc2 Qa6 16. Rd1 Rfc8 17. Qd3 Qxd3 18. Rxd3 h6 19. h4 Rb3 20. g3 Kf8 21. Nd2 Rb7 22. Na4 g5 23. hxg5 hxg5 24. Nb3 {0-1 Komovec,I-Srebrnic,M (2151) Ljubljana op 12th 2001 (7)}) 10. Re1 g5 11. Be3 h5 12. Ne2 Nb4 13. Bb1 Bd7 14. a3 Nc6 15. b4 Rc8 16. Ra2 Na7 17. Bd3 Nb5 18. Qb3 g4 19. Nd2 Nxe3 20. fxe3 Bg5 21. Nf1 g3 22. Nexg3 Rc3 23. Qd1 h4 24. Nh1 Nxa3 25. Nf2 Qb6 26. Rb2 Nc4 27. Bxc4 Rxc4 28. Nd3 Be7 29. Qd2 Rg8 30. h3 Bb5 31. Nf4 Kd7 32. Nh2 Ba4 33. Nd3 Bb5 34. Ng4 Qd8 35. Qf2 Kc7 36. Qxf7 Rf8 37. Qg6 Rg8 38. Qxe6 Rc6 39. Nf4 Bc4 40. Qf5 Kb8 41. Qb1 Rb6 42. Nh5 Qc8 43. Nhf6 Rg7 44. Rc1 Bxf6 45. exf6 Rxg4 46. hxg4 Rxf6 47. Qh7 Qe6 48. Re1 Ka7 49. Qxh4 Rh6 50. Qg5 Rg6 51. Qf5 Qg8 52. Rf2 Rxg4 53. Rc1 Rg5 54. Qf6 Rg6 55. Qe7 Rg7 56. Qd6 Qe8 57. Qc5+ b6 58. Qf8 Qd7 59. e4 dxe4 60. Rxc4 e3 61. Re2 Qg4 62. Rc8 b5 63. Qc5+ 1-0

[Event "Olympiad Women 2024"]
[Site "Budapest HUN"]
[Date "2024.09.16"]
[Round "6.30"]
[Board "2"]
[White "Monroy G., Nataly A."]
[Black "Frayna, Janelle Mae"]
[Result "0-1"]
[WhiteElo "1939"]
[BlackElo "2216"]
[PlyCount "72"]
[EventDate "2024.09.11"]
[WhiteTeam "Bolivia"]
[BlackTeam "Philippines"]
[WhiteTeamCountry "BOL"]
[BlackTeamCountry "PHI"]

1. d4 {Villeneuve,A/Primel,D} Nf6 2. Nf3 g6 3. c4 Bg7 4. Nc3 d5 5. cxd5 Nxd5 6. e4 Nxc3 7. bxc3 c5 8. Be3 Qa5 9. Qd3 $146 ({RR} 9. Qb3 cxd4 10. Qb5+ Qxb5 11. Bxb5+ Bd7 12. Bxd7+ Nxd7 13. cxd4 Nf6 14. e5 Nd5 15. Ke2 Kd7 16. Rhc1 Rhc8 17. a3 h6 18. Nd2 f5 19. exf6 exf6 20. Ne4 b6 21. Kd3 f5 22. Nc3 Nxc3 23. Rxc3 Rxc3+ {½-½ Borowski,P-Meyer,H Ost Westfalen Lippe-ch 1950 (10)}) ({RR} 9. Bd2 O-O ({RR} 9... O-O 10. Bd3 Nc6) 10. Be2 Bg4 11. O-O Nc6 12. Rb1 Bxf3 13. gxf3 cxd4 14. cxd4 Qxa2 15. d5 Nd4 16. Rxb7 Rab8 17. Rxb8 Rxb8 18. Kh1 Rb2 19. Be3 Rxe2 20. Qd3 Nxf3 21. d6 exd6 22. Qxd6 Rxe3 23. fxe3 Be5 {0-1 Sokolov,I (2655)-Van Wely,L (2695) NED-ch op 5' 2002}) ({RR} 9. Nd2 cxd4 10. Nc4 Qd8 11. cxd4 O-O 12. Rb1 f5 13. exf5 Bxf5 14. Rxb7 Nc6 15. d5 Bc3+ 16. Bd2 Nd4 17. Ne3 Qa5 18. Bxc3 Qxc3+ 19. Qd2 Qa1+ 20. Qd1 Qc3+ 21. Qd2 Qa1+ 22. Qd1 {½-½ Avrukh,B (2601)-Kovchan,A (2558) FRA-chT Top 12 2011 (10.3)}) ({RR} 9. Bd2 Bg4 10. Qb3 O-O 11. Rc1 ({RR} 11. Qxb7 Nd7 12. Qa6 Qc7 13. Rc1 Rab8 14. Be2 Rb2) 11... Bxf3 12. gxf3 cxd4 ({RR} 12... Qc7 13. Be2) 13. cxd4 Qh5 ({RR} 13... Qb6) 14. Rc5 e5 15. d5 ({RR} 15. Qxb7 Nd7 16. Qxd7 Qxf3 17. Rg1 Qxe4+ 18. Be2 exd4 {RR} 19. Qd5 Qh4) 15... Nd7 16. Rc7 Nb6 17. a4 ({RR} 17. Be2) ({RR} 17. Rxb7 Rfc8 18. d6) 17... Rac8 18. d6 ({RR} 18. Rxb7) 18... Bh6 19. a5 ({RR} 19. Bb4) 19... Bxd2+ 20. Kxd2 Na4 ({RR} 20... Rxc7 21. dxc7 Na8 22. Qxb7 Nxc7 23. Qxc7 Qxf3 24. Bd3 ({RR} 24. Rg1 Qxf2+)) 21. Bc4 ({RR} 21. Qxa4 Qxf3) 21... Nc5 22. Bxf7+ Kg7 23. Qd5 ({RR} 23. Qc3) ({RR} 23. Qb5) 23... Rxc7 {1-0 Mercier,J-Kouatly,B FRA-ch 54th Courchevel 1979 (1)}) ({RR} 9. Qd2 Nc6 ({RR} 9... O-O) 10. Rc1 ({RR} 10. Rb1) 10... cxd4 11. cxd4 Qxd2+ 12. Kxd2 O-O 13. Bb5 ({RR} 13. d5 Rd8 14. Ke1 Na5 15. Bg5) 13... f5) 9... O-O 10. Be2 cxd4 11. Nxd4 Nc6 12. O-O Ne5 13. Qc2 Ng4 14. Bxg4 Bxg4 15. Rab1 Rab8 16. c4 Rfc8 17. Nb3 Qa4 18. Rfc1 b6 19. h3 Be6 20. Nd2 Qa6 21. Rb4 Rc6 22. Ra4 Qb7 23. Ra3 Rbc8 24. Qd3 Bb2 25. Rac3 Qc7 26. g3 Bxc1 27. Rxc1 Bxc4 28. Nxc4 Rxc4 29. Rd1 Rc3 30. Qd4 Qc4 31. Qe5 Qe6 32. Qd4 R3c4 33. Qd2 Rc2 34. Qd4 Qxh3 35. Qa4 Qh5 36. Rd5 Rc1+ 0-1

[Event "Olympiad Women 2024"]
[Site "Budapest HUN"]
[Date "2024.09.16"]
[Round "6.30"]
[Board "3"]
[White "Fronda, Jan Jodilyn"]
[Black "Yepez Montenegro, Gloria Luz"]
[Result "1-0"]
[WhiteElo "2165"]
[BlackElo "1818"]
[PlyCount "95"]
[EventDate "2024.09.11"]
[WhiteTeam "Philippines"]
[BlackTeam "Bolivia"]
[WhiteTeamCountry "PHI"]
[BlackTeamCountry "BOL"]

1. e4 e6 2. d4 d5 3. Nd2 h6 4. Bd3 Nf6 5. e5 Nfd7 6. Ne2 c5 7. c3 Nc6 8. O-O Qb6 9. Nf3 g5 10. h3 Be7 ({RR} 10... cxd4 11. cxd4 Bg7 12. Be3 a5 13. Ng3 Ne7 14. a4 f5 15. exf6 Nxf6 16. Ne5 O-O 17. Nh5 Nxh5 18. Qxh5 Nf5 19. g4 Nh4 20. Ng6 Nxg6 21. Qxg6 Rf6 22. Qe8+ Rf8 23. Qg6 Rf6 24. Qe8+ Rf8 25. Qb5 {0-1 Shuvalova,P (2455)-Ghimoyan,N (2168) Titled Tue 6th Feb Early 2024 (4)}) 11. a3 $146 ({RR} 11. Bc2 Qc7 12. Be3 b6 13. Re1 Ba6 14. Bd3 c4 15. Bc2 O-O-O 16. b3 Rdg8 17. Nd2 b5 18. a4 Nb6 19. axb5 Bxb5 20. b4 h5 21. g3 f5 22. exf6 Bxf6 23. Nf3 Kb7 24. g4 h4 25. Qd2 Qd8 {1-0 Kjolberg,J (2164)-Risting,E (2102) Fagernes op 2016 (6.13)}) 11... h5 12. Bxg5 Bxg5 13. Nxg5 Rf8 14. Nf4 Ndxe5 15. dxe5 Nxe5 16. Re1 Qd6 17. Bb5+ Kd8 18. Qxh5 f6 19. Rxe5 fxe5 20. Ng6 Bd7 21. Nxf8 Qxf8 22. Nf7+ Ke7 23. Bxd7 Qxf7 24. Qxf7+ Kxf7 25. Re1 Kf6 26. Re3 Rd8 27. Rf3+ Ke7 28. Ba4 d4 29. cxd4 exd4 30. Bc2 c4 31. Kf1 b5 32. Be4 a5 33. Ke2 Rb8 34. g4 b4 35. a4 b3 36. g5 Rg8 37. h4 Kd6 38. Rg3 Ke5 39. Bb1 Kf4 40. g6 e5 41. h5 e4 42. h6 d3+ 43. Kd2 e3+ 44. fxe3+ Kxg3 45. h7 Rf8 46. g7 Rf2+ 47. Kc3 d2 48. g8=Q+ 1-0

[Event "Olympiad Women 2024"]
[Site "Budapest HUN"]
[Date "2024.09.16"]
[Round "6.30"]
[Board "4"]
[White "Molina, Jessica"]
[Black "Galas, Bernadette"]
[Result "1-0"]
[WhiteElo "1945"]
[BlackElo "2013"]
[PlyCount "75"]
[EventDate "2024.09.11"]
[WhiteTeam "Bolivia"]
[BlackTeam "Philippines"]
[WhiteTeamCountry "BOL"]
[BlackTeamCountry "PHI"]

1. d4 d5 2. c4 e6 3. Nc3 Nf6 4. Bg5 Be7 5. e3 c6 6. cxd5 exd5 7. Bd3 Nbd7 8. Qc2 O-O 9. Nge2 Re8 10. O-O Ne4 11. Bf4 Nxc3 12. Bxh7+ Kh8 13. Nxc3 g6 14. Bxg6 fxg6 15. Nxd5 Nf8 $146 ({RR} 15... Nf6 16. Nxf6 Bxf6 17. Qxg6 Re6 18. Qh5+ Kg8 19. Be5 Bxe5 20. dxe5 Qe7 21. f4 Qg7 22. Rf3 Rg6 23. f5 Rxg2+ 24. Kh1 Rg5 25. Qe8+ Qf8 26. Qxf8+ Kxf8 27. e4 b6 28. Rg3 Rxg3 29. hxg3 Bb7 30. Kg2 {1-0 Markzon,G (2231)-Ferreira,E (1960) American Continental 06th 2009 (7)}) ({RR} 15... Rf8 16. Nc7 Rxf4 17. Ne6 Qg8 18. Nxf4 Nf8 19. d5 g5 20. Qe4 gxf4 21. Qxe7 Ng6 22. Qf6+ Kh7 23. exf4 Qxd5 24. Rad1 Qe4 25. Rfe1 Qxf4 26. Re7+ Kh6 27. Qg7+ {1-0 Vanifatov,Y (2045)-Mokshanov,A (2079) Samara Zhigulevskie Prostory op 2007 (8)}) 16. Be5+ Kh7 17. Nc7 Be6 18. f4 Bd6 19. Nxe8 Bxe5 20. dxe5 Qxe8 21. e4 Bf7 22. Rf3 Ne6 23. Qf2 Qe7 24. Rh3+ Kg8 25. Kh1 Nc5 26. Qc2 Rd8 27. Rf1 Rd4 28. Qc3 Rc4 29. Qe3 Rxe4 30. Qa3 b6 31. b4 Ne6 32. f5 gxf5 33. Qc1 Bg6 34. Qxc6 Kf7 35. Qxe4 Ng5 36. Rxf5+ Bxf5 37. Qxf5+ Kg7 38. Rg3 1-0

[Event "Olympiad Women 2024"]
[Site "Budapest HUN"]
[Date "2024.09.16"]
[Round "6.31"]
[Board "1"]
[White "Antonova, Nadezhda"]
[Black "Keinanen, Anastasia"]
[Result "1/2-1/2"]
[WhiteElo "1967"]
[BlackElo "2212"]
[PlyCount "82"]
[EventDate "2024.09.11"]
[WhiteTeam "Tajikistan"]
[BlackTeam "Finland"]
[WhiteTeamCountry "TJK"]
[BlackTeamCountry "FIN"]

1. Nf3 d5 2. d4 Nf6 3. Bf4 c5 4. e3 Nc6 5. Nbd2 cxd4 6. exd4 Bf5 7. c3 e6 8. Qb3 Qc8 9. Be2 h6 10. h3 Be7 11. O-O O-O 12. a4 ({RR} 12. Ne5 Nxe5 13. Bxe5 a6 14. a4 Ne4 15. Nxe4 Bxe4 16. a5 Qc6 17. Rad1 Rac8 18. Bd3 Bxd3 19. Rxd3 Bd6 20. f4 Rfe8 21. Rg3 Bf8 22. Qd1 Kh7 23. Qh5 g6 24. Qg4 Qb5 25. h4 h5 26. Qg5 Be7 {1-0 Nathan,N (2188)-Melaa,S (2315) Titled Tue 16th Jul Late 2024 (2)}) 12... Rd8 13. Rfe1 Ne4 $146 ({RR} 13... Bd6 14. Bxd6 Rxd6 15. a5 Ne4 16. Bf1 Qc7 17. Qa3 Rc8 18. Nxe4 Bxe4 19. Nd2 Bg6 20. Nb3 b6 21. axb6 axb6 22. Bb5 Bc2 23. Bxc6 Bxb3 24. Bb5 Bc4 25. Ba4 Ra8 26. Qb4 Bd3 27. Red1 Bg6 28. Bb5 {½-½ Gomez Ledo,R (2469)-Pereira Figueroa,M (2111) Seville op 47th 2022 (6)}) 14. Nxe4 Bxe4 15. Ne5 Bd6 16. Nxc6 bxc6 17. Bxd6 Rxd6 18. Qa3 Qc7 19. a5 Re8 20. f3 Bf5 21. f4 Be4 22. b4 Rb8 23. Qc1 Rd7 24. Qe3 f5 25. Rf1 g5 26. g3 Rg7 27. Kh2 Kh8 28. Rf2 Rbg8 29. Rg1 Qe7 30. Rff1 Rh7 31. Rf2 Qf6 32. Rff1 Qg6 33. Bd3 Rf7 34. Be2 Rgg7 35. Qd2 Kg8 36. Qd1 Qf6 37. Qa4 Rc7 38. Qd1 Rh7 39. Qd2 Rcg7 40. a6 Kh8 41. Qe3 Rg8 1/2-1/2

[Event "Olympiad Women 2024"]
[Site "Budapest HUN"]
[Date "2024.09.16"]
[Round "6.31"]
[Board "2"]
[White "Paasikangas, Johanna"]
[Black "Saidova, Rukhshona"]
[Result "0-1"]
[WhiteElo "2058"]
[BlackElo "1873"]
[PlyCount "156"]
[EventDate "2024.09.11"]
[WhiteTeam "Finland"]
[BlackTeam "Tajikistan"]
[WhiteTeamCountry "FIN"]
[BlackTeamCountry "TJK"]

1. d4 d5 2. c4 e6 3. Nf3 Nf6 4. Nc3 Be7 5. e3 O-O 6. Be2 Nbd7 7. O-O dxc4 8. Bxc4 c5 9. a3 a6 10. a4 b6 11. Qe2 Bb7 12. Rd1 Qc7 13. b3 $146 ({RR} 13. d5 exd5 14. Nxd5 Nxd5 15. Bxd5 Bf6 16. Ra3 Bxd5 17. Rxd5 c4 18. Nd2 Rac8 19. Ne4 Be7 20. Ra1 Nf6 21. Nxf6+ Bxf6 22. e4 Rfd8 23. Rxd8+ Rxd8 24. g3 c3 25. bxc3 Qxc3 26. Rb1 Bd4 27. Bg5 f6 {½-½ Scherer,W-Riehle,K Verbandsliga Suedbaden 2122 2021 (2.8)}) 13... cxd4 14. exd4 Bb4 15. Na2 Bd6 16. h3 Rfe8 17. Bb2 e5 18. d5 Nc5 19. Rac1 Qe7 20. Nc3 e4 21. Nd4 Qe5 22. g3 Qg5 23. Kg2 e3 24. Nf3 Qh6 25. Nh4 Bc8 26. Qf3 exf2 27. Nf5 Bxf5 28. Qxf5 Re3 29. Ne2 Rae8 30. Bxf6 gxf6 31. Rc2 Kh8 32. Rd4 Ne4 33. Rxe4 R3xe4 34. Qxf2 Rg8 35. Rc3 Rh4 36. Qf5 Rh5 37. Qd7 Be5 38. Rf3 Qg7 39. d6 Rg5 40. Qxf7 Qxf7 41. Bxf7 Rd8 42. h4 Rg7 43. Bc4 a5 44. Nc1 Bxd6 45. Nd3 Bc7 46. Kh3 Rgd7 47. Nf2 Kg7 48. Ne4 Be5 49. Nf2 Re7 50. Nd3 Bc7 51. Nf4 Bxf4 52. Rxf4 h5 53. Kg2 Re5 54. Rf3 Rd2+ 55. Kf1 f5 56. Rc3 Kf6 57. Rf3 Rd4 58. Kg2 Re1 59. Bd3 Rd5 60. Kf2 Re7 61. Kf1 Red7 62. Ke2 Re5+ 63. Kf1 Rd8 64. Kf2 Rf8 65. Rf4 Ke7 66. Rc4 Rd8 67. Rc3 Rd4 68. Kf3 Rc5 69. Bc4 Kd6 70. Ke3 Ke5 71. Kf3 f4 72. g4 hxg4+ 73. Kxg4 Rc7 74. Rh3 Ke4 75. h5 Rg7+ 76. Kh4 f3 77. h6 Kf5+ 78. Kh5 Rg5# 0-1

[Event "Olympiad Women 2024"]
[Site "Budapest HUN"]
[Date "2024.09.16"]
[Round "6.31"]
[Board "3"]
[White "Tolibova, Dilola"]
[Black "Puuska, Heini"]
[Result "1/2-1/2"]
[WhiteElo "1831"]
[BlackElo "1930"]
[PlyCount "80"]
[EventDate "2024.09.11"]
[WhiteTeam "Tajikistan"]
[BlackTeam "Finland"]
[WhiteTeamCountry "TJK"]
[BlackTeamCountry "FIN"]

1. e4 c5 2. Nf3 Nc6 3. d4 cxd4 4. Nxd4 g6 5. Nc3 Bg7 6. Nb3 Nf6 7. Bd3 d5 ({RR} 7... d6 8. O-O O-O 9. h3 Be6 10. Be3 a5 11. Qd2 a4 12. Nd4 Nxd4 13. Bxd4 a3 14. b3 Qa5 15. Rad1 Rfc8 16. Qe2 Rxc3 17. Bxc3 Qxc3 18. Qe3 Nd7 19. Kh1 Nc5 20. f4 Bd7 21. Qf2 Bc6 22. f5 {0-1 Sanal,V (2601)-Martins,V (2313) Titled Tuesday intern op 14th Dec blitz 2021 (7)}) ({RR} 7... O-O 8. O-O d5 9. exd5 Nxd5 10. Nxd5 Qxd5 11. Qe2 a5 12. c3 a4 13. Nd2 a3 14. Bc4 Qf5 15. Nb3 axb2 16. Bxb2 Ne5 17. Nd4 Qf4 18. Bb3 Ng4 19. g3 Qh6 20. f3 Ne5 21. Rad1 b6 22. a4 {½-½ Principe,A (2295)-Sattarov,B (2366) Titled Tue 23rd May Early 2023 (1)}) 8. f3 $146 ({RR} 8. exd5 Nxd5 9. Nxd5 Qxd5 10. O-O O-O 11. Re1 Be6 12. Be4 Qxd1 13. Rxd1 Rad8 14. Bd3 Nb4 15. Nc5 Bc8 16. a3 Nc6 17. Nb3 b6 18. Rb1 Ba6 19. Bf4 Bxd3 20. cxd3 Nd4 21. Nxd4 Rxd4 22. Be3 Rd7 {0-1 Sanchez Acosta,R-Septien Lopez,V (1996) Baston Blanco op 2001 (2)}) ({RR} 8. exd5 Nxd5 9. Nxd5 Qxd5 10. O-O Nb4 11. Be2 Be6 12. c3 Nxa2 13. Qxd5 Bxd5 14. Bb5+ Kf8 15. Nc5 Nxc1 16. Rfxc1 e6 17. Nd7+ Ke7 18. Re1 Rhc8 19. Ne5 Bxe5 20. Rxe5 a6 21. Be2 Rc7 22. Re3 Bc4 {0-1 Bokan,J (2056)-Gaponenko,I (2448) SCG-chT (Women) 2004 (5.2)}) 8... dxe4 9. Nxe4 Nxe4 10. fxe4 O-O 11. c3 Ne5 12. Be2 Qxd1+ 13. Kxd1 Rd8+ 14. Kc2 f5 15. Bf3 Nxf3 16. gxf3 b6 17. Bg5 Kf7 18. Rae1 h6 19. Bd2 e5 20. a4 a5 21. Be3 Rb8 22. c4 Be6 23. Nd2 Bf8 24. b3 f4 25. Bf2 Rd6 26. Nb1 Rbd8 27. Rd1 Be7 28. Rxd6 Rxd6 29. Rd1 Rxd1 30. Kxd1 Bc5 31. Bxc5 bxc5 32. Nc3 g5 33. Ke2 g4 34. Kf2 h5 35. Nb5 Ke7 36. Nc7 gxf3 37. h4 Bf7 38. Nd5+ Kd6 39. Nc3 Be6 40. Nb1 Bg4 1/2-1/2

[Event "Olympiad Women 2024"]
[Site "Budapest HUN"]
[Date "2024.09.16"]
[Round "6.31"]
[Board "4"]
[White "Sippola, Sara-Olivia"]
[Black "Mashabova, Shukrona"]
[Result "1/2-1/2"]
[WhiteElo "1861"]
[BlackElo "1711"]
[PlyCount "155"]
[EventDate "2024.09.11"]
[WhiteTeam "Finland"]
[BlackTeam "Tajikistan"]
[WhiteTeamCountry "FIN"]
[BlackTeamCountry "TJK"]

1. e4 e5 2. Nf3 Nc6 3. Bb5 Bc5 4. O-O Nf6 5. c3 O-O 6. d4 exd4 7. cxd4 Be7 8. Nc3 a6 ({RR} 8... d6 9. h3 Bd7 10. Re1 a6 11. Bd3 b5 12. Bf4 Nh5 13. Be3 g6 14. Nd5 Be6 15. Nxe7+ Nxe7 16. Bh6 Ng7 17. d5 Bd7 18. Bc2 f6 19. Nd4 Kh8 20. Qd2 Ng8 21. Be3 Ne7 22. Rad1 g5 23. f4 {1-0 Samakov,N (2379)-Batabaev,M (2100) KGZ-ch Bishkek 2009 (4)}) 9. Bd3 d6 10. h3 h6 11. Re1 $146 ({RR} 11. Be3 Qd7 12. Rc1 Re8 13. Bb1 d5 14. Ne5 Nxe5 15. dxe5 Nxe4 16. Nxe4 dxe4 17. Qxd7 Bxd7 18. Rxc7 Bc6 19. Rxc6 bxc6 20. Bxe4 Rec8 21. Rc1 Rab8 22. b3 Rb4 23. Bf5 Rc7 24. Bd3 a5 25. Bc4 Rd7 {1-0 Chiona,R (1827)-Tumpale,M (1016) MAW olymp qual 2016 (2)}) 11... Re8 12. Bf4 Nh7 13. Qd2 Ng5 14. Be2 Nxf3+ 15. Bxf3 Bf6 16. Be3 Ne7 17. Rac1 Be6 18. Red1 Rb8 19. Be2 Nc8 20. Bd3 Nb6 21. d5 Bc8 22. f4 Nd7 23. Ne2 b6 24. b4 Bb7 25. Rc2 Rc8 26. Rdc1 Nb8 27. Ng3 c5 28. bxc5 bxc5 29. Nf5 Rc7 30. Kh1 Bc8 31. Nxd6 Qxd6 32. e5 Qd8 33. exf6 Qxf6 34. Bxc5 Bb7 35. Be2 Rd7 36. Bf3 Qd8 37. Rd1 Bc6 38. Bg1 Ba4 39. Rdc1 Bxc2 40. Qxc2 Rxd5 41. Bxd5 Qxd5 42. Rd1 Qe6 43. Rc1 Nd7 44. Qa4 Nf6 45. Qc4 Nh5 46. Qxe6 Rxe6 47. Rc4 Re4 48. Rxe4 Ng3+ 49. Kh2 Nxe4 50. Bd4 f5 51. g3 Kf7 52. Kg2 h5 53. Kf3 g6 54. g4 hxg4+ 55. hxg4 Ke6 56. gxf5+ gxf5 57. Ke3 Kd5 58. Kd3 Nd6 59. Be5 Nc4 60. Bd4 Na5 61. Be5 Nc6 62. Bc3 Kc5 63. Bd2 a5 64. Kc3 Nb4 65. Kb3 Nd5 66. Ka4 Nb6+ 67. Kb3 a4+ 68. Kc3 Nd5+ 69. Kb2 Kb5 70. a3 Kc4 71. Kc2 Kd4 72. Bc1 Ke4 73. Bd2 Nxf4 74. Kc3 Nd5+ 75. Kc4 f4 76. Bxf4 Nxf4 77. Kb4 Kd5 78. Kxa4 1/2-1/2